00458nam a2200169Ia 4500003000400000005001700004008004100021020002900062040001700091082002200108100002000130245007100150250001100221260002500232300001700257650001400274IIN20240205124556.0231217s9999 xx 000 0 und d cRs.370.00a9789389261929 aIINbEnglish a613.2 bSHA1 aSharma, Monika 1 aTextbook of Nutrition : bfor B.Sc Nursing StudentscMonika Sharma a2nd ed bCBSaNew Delhic2020 axxiv, 304 p.1 aNutrition